• Juan

di Personal Name

Records bibliografici associati: 1

001 - CONTROL NUMBER

  • control field: 41937

003 - CONTROL NUMBER IDENTIFIER

  • control field: IT-RoINE

005 - DATE AND TIME OF LATEST TRANSACTION

  • control field: 20171121064537.0

008 - FIXED-LENGTH DATA ELEMENTS

  • fixed length control field: 171115|| aca||aabn | a|a d

040 ## - CATALOGING SOURCE

  • Original cataloging agency: IT-RoINE
  • Transcribing agency: IT-RoINE

100 0# - HEADING--PERSONAL NAME

  • Personal name: Juan
  • Numeration: XV,
  • Titles and other words associated with a name: Papa,
  • Dates associated with a name: m. 996

400 0# - SEE FROM TRACING--PERSONAL NAME

  • Personal name: Iohannes
  • Numeration: XV,
  • Titles and other words associated with a name: Papa,
  • Dates associated with a name: m. 996

400 0# - SEE FROM TRACING--PERSONAL NAME

  • Personal name: Giovanni‏ ‎
  • Numeration: XV,
  • Titles and other words associated with a name: Papa,
  • Dates associated with a name: m. 996

510 2# - SEE ALSO FROM TRACING--CORPORATE NAME

  • Corporate name or jurisdiction name as entry element: Iglesia Católica.
  • Subordinate unit: Papa (985-996: Juan XV)‏

670 ## - SOURCE DATA FOUND

  • Source citation: Work cat.: (IT-RoINE)21367: Hrotsvitha, ca. 935-ca. 975 41896, Hrotsuithae virginis et monialis Gandersheimensis in Germania, ordinis S. Benedicti, opera omnia :, 1986.